| 000 | 01873nam a2200241 4500 | ||
|---|---|---|---|
| 003 | vecauma | ||
| 005 | 20260410190348.0 | ||
| 007 | ta | ||
| 008 | 260410b ve ||||| |||| 00| 0 spa d | ||
| 020 | _a0534955800 | ||
| 040 |
_avecauma _bspa _cvecauma _dvecauma _erda |
||
| 041 | _aspa | ||
| 100 | 1 | _eautor | |
| 245 | 1 |
_aDifferential Equations _c/ With Boundary-Value Problems |
|
| 264 |
_aEstado Unidos de América: _bFourth edition; _c1997. |
||
| 300 | _a582 páginas. | ||
| 336 |
_atexto _btxt _2rdacontenido |
||
| 337 |
_ano mediado _bn _2rdamedio |
||
| 338 |
_avolumen _bnc _2rdasoporte |
||
| 505 | 0 | _aIntroduction to diferential equations / First-Order differential equations / Modeling with first-order differential equations / AZT and survivability with AIDOS / by Ivan Kramen Wolf population dynamics / by C. Knickerbocker Differential equations of higher order / Modeling with higher-order differential equations / Decay of satellite orbits / by John Ellison The collapse of the tacoma narrows suspension bridge by Gilbert N. Lewis / Series solutions of linear equations / Laplace transform / Systems of linear first-order differential equations / Modeling an Arms race / by Michael OLinick Numerical methods for ordinary differential equations / Plane autonomous Systems and stability / The limit cycle in predator-Prey Models / by M.R. Cullen Symbolic Dynamics and smale´s horseshoe by John Hubbard Partial differential equations and Boundary-Value problems in rectangular coordinates / Boundary-Value problems in other coordinate systems / Integral transform method / The shape of a drumbeat / by M.R. Cullen Chemical communication and the diffusion equation / by M.R. Cullen Numerical methods for partial differential equations / | |
| 942 | 1 |
_2lcc _n0 _cBK |
|
| 999 |
_c13349 _d13349 |
||